01360nam a22003497a 4500003000500000005001700005008004100022010001000063011001000073035001000083040000900093090001000102100004800112245015600160260004100316300001000357502009500367590003700462590004100499590004100540590004100581590004200622650004100664650003800705650003200743650003900775901000700814942001000821949003500831999001700866952012700883CHAP20220329135012.0971013s1976 r 00010 d a29345 a30317 a34429 cCHAP aTesis00aMadero Rodríguez, Jaime Guillermo.969678 aDeterminación de deficiencias y toxicidades minerales del ganado bovino en el Estado de Nuevo León. I. Determinación de niveles, Bustamante, N.L. a(Monterrey, N.L.) :bEl autor,c1976 a124 h aTesis (Ing. Agrónomo Zootecnista) -- ITESM. Div. de Ciencias Agropecuarias y Marítimas aALEPHb10c20130110lUCH01h1251 aBATCH-UPDb10c20130110lUCH01h0926 aBATCH-UPDb10c20130410lUCH01h0547 aBATCH-UPDb10c20130914lUCH01h1430 aCONVERSIONb10c20130109lUCH01h131714aAnimalesxElementos minerales.9586114aForrajesxValor nutritivo.94260114aSelenioxToxicidad.910379214aToxicología veterinaria.9114457 aBK cTESIS bBCcTESd-79700eTS1i34429si c29345d29345 00102local4051708TESISaBCbBCcPA_TESISd2012-12-17fTESISl0oTesisp-79700r2019-12-31 00:00:00w2019-12-31yTESIS